Spain 2010 FIFA World Cup Winning Squad - Sudden Death - Statistics

General Stats
  • This quiz has been taken 1,814 times
  • The average score is 11 of 23
Answers on the Grid
Answers color-coded by a green-red scale on the quiz's grid according to % correct below.
Álvaro Arbeloa
Andrés Guardado
Andrés Iniesta
Bruno Alves
Carles Puyol
Carlos Marchena
Carlos Vela
César Azpilicueta
Cesc Fàbregas
Cristiano Ronaldo
David Ospina
David Silva
David Villa
Fábio Coentrão
Fernando Llorente
Fernando Morientes
Fernando Torres
Gaizka Mendieta
Gerard Piqué
Héctor Moreno
Iago Aspas
Iker Casillas
Isco
James Rodríguez
Javi Martínez
Jesús Navas
Joan Capdevila
Jordi Alba
José Antonio Reyes
Juan Mata
Juanfran
Kepa Arrizabalaga
Koke
Luis García
Marco Asensio
Marcos Senna
Nacho Monreal
Pedro
Pepe Reina
Rafael Márquez
Raúl
Raúl Albiol
Raul Meireles
Ricardo Carvalho
Roque Santa Cruz
Santi Cazorla
Santiago Cañizares
Saúl
Sergio Busquets
Sergio Ramos
Thiago
Víctor Valdés
Xabi Alonso
Xavi
 
Answer Stats
Answer % Correct
Andrés Iniesta
88%
Carles Puyol
84%
Cesc Fàbregas
75%
David Villa
74%
Gerard Piqué
69%
Iker Casillas
69%
Fernando Torres
63%
David Silva
61%
Álvaro Arbeloa
46%
Xabi Alonso
45%
Xavi
45%
Sergio Ramos
44%
Sergio Busquets
42%
Joan Capdevila
39%
Jesús Navas
37%
Víctor Valdés
36%
Pedro
32%
Pepe Reina
29%
Juan Mata
28%
Fernando Llorente
22%
Raúl Albiol
22%
Javi Martínez
19%
Carlos Marchena
15%
No matching quizzes found
Score Distribution
Percent of People with Each Score
Percentile by Number Answered
Your Score History
You have not taken this quiz